00615nam a2200193Ia 4500003000900000008004100009020001800050040001600068080002800084245006200112260003300174300001500207650001900222650002500241700002400266942000700290999001500297952010900312IN-BaIIA211028s9999 xx 000 0 eng d a0-08-021636-6 cIIA Library a629.19(047.1)bCOS-XVII 0aCOSPAR space researchbvol. XVIIcedited by M. J. Rycroft aOxfordbPergamon Pressc1977 axix, 860p. aNASA Thesaurus aSpace Sciences94479 aRycroft, M. J., ed. cBK c5730d5730 00104070aBANbKODcGENd1978-03-16l0o629.19(047.1)/ COS-XVIIp6406r2021-11-05w1978-03-16yBK 125